Normal view
MARC view
- Market Strategies
Entry Topical Term
001 - CONTROL NUMBER
- control field: 1504
003 - CONTROL NUMBER IDENTIFIER
- control field: JO-AjAnu
005 - DATE AND TIME OF LATEST TRANSACTION
- control field: 20230606070541.0
008 - FIXED-LENGTH DATA ELEMENTS
- fixed length control field: 230606|| aca||aabn | a|a d
040 ## - CATALOGING SOURCE
- Original cataloging agency: JO-AjAnu
- Transcribing agency: JO-AjAnu
150 ## - HEADING--TOPICAL TERM
- Topical term or geographic name entry element: Market Strategies
670 ## - SOURCE DATA FOUND
- Source citation: Work cat.: (JO-AjAnu)791: Brown,David L / Kassandra Bentley, author 1503, All About Stock Market Strategies: The Easy Way to Get Started